000 00649nam a2200265Ia 4500
005 20260121170443.0
008 008 260114s9999 xx 000 0 eng d
020 _a9783319771496
037 _aEBOOK
040 _aCRL
040 _beng
040 _cCRL
041 _2eng
041 _aeng
084 _qCRL
100 _aChristina Wilkins
_91064080
245 0 _aReligion and Identity in the Post-9/11 Vampire
260 _bSpringer
260 _bSpringer
260 _c2018
856 _uhttps://link.springer.com/openurl?genre=book&isbn=978-3-319-77149-6
942 _cEBOOK
999 _c1629809
_d1629809